01062nac a22002771u 4500010001700000020002800017020004400045082001700089090001500106100003400121245006800155250001200223260006900235300003300304500002200337500002800359511002900387650002700416650002400443700001600467856007500483856008700558942001900645999001500664952010500679 a 2002107965 a0072482591 (alk. paper) a0071199349 (international : alk. paper)00a658.311bHEN c5665d5665 aHeneman, Herbert Gerha 10aStaffing organizations /cHerbert G. Heneman, Timothy A. Judge. a4th ed. aMiddleton, WI :bMendota House ;aBoston :bMcGraw-Hill,cc2003. axv, 728 p. :bill. ;c24 cm. aIncludes indexes. aDistributer : Al-Ahram. aCatalogued By : Mahitab. 0aEmployeesxRecruiting. 0aEmployee selection.1 aJudge, Tim.413Table of contentsuhttp://www.loc.gov/catdir/toc/mh023/2002107965.html413Publisher descriptionuhttp://www.loc.gov/catdir/description/mh024/2002107965.html cBBk658.311HEN c5665d5665 00104070aMAINbMAINc1STd2007-11-01ePurchasel0o658.311HENp000007023r2025-07-15 00:00:00yBB